Social service, work and reform / (Record no. 155678)

MARC details
000 -LEADER
fixed length control field 00649nam a22002297a 4500
003 - CONTROL NUMBER IDENTIFIER
control field dpl
005 - DATE AND TIME OF LATEST TRANSACTION
control field 20180808163308.0
008 - FIXED-LENGTH DATA ELEMENTS--GENERAL INFORMATION
fixed length control field 180808b xxu||||| |||| 00| 0 eng d
010 ## - LIBRARY OF CONGRESS CONTROL NUMBER
LC control number RC-149688
016 ## - NATIONAL BIBLIOGRAPHIC AGENCY CONTROL NUMBER
Record control number RC-149688
035 ## - SYSTEM CONTROL NUMBER
System control number RC-149688, RC-149711
037 ## - SOURCE OF ACQUISITION
Source of stock number/acquisition BPPD/PUB
040 ## - CATALOGING SOURCE
Original cataloging agency DPL
Language of cataloging EN
Transcribing agency 0
082 ## - DEWEY DECIMAL CLASSIFICATION NUMBER
Classification number 301.153
Item number GAN
100 ## - MAIN ENTRY--PERSONAL NAME
Personal name Gandhi.M.K.
245 ## - TITLE STATEMENT
Title Social service, work and reform /
Statement of responsibility, etc by M.K. Gandhi (and) V.B.Kher
260 ## - PUBLICATION, DISTRIBUTION, ETC. (IMPRINT)
Place of publication, distribution, etc Ahmedabad
Name of publisher, distributor, etc Navajivan publishing house
Date of publication, distribution, etc 1976
300 ## - PHYSICAL DESCRIPTION
Extent xv, 412p.
Dimensions 22cm(Hb)
500 ## - GENERAL NOTE
General note Includes index
700 ## - ADDED ENTRY--PERSONAL NAME
Personal name Kher.V.B.
942 ## - ADDED ENTRY ELEMENTS (KOHA)
Source of classification or shelving scheme Dewey Decimal Classification
Koha item type English Books
Classification part 301.153
Call number suffix GAN
Holdings
Withdrawn status Lost status Source of classification or shelving scheme Damaged status Not for loan Collection code Home library Current library Date acquired Source of acquisition Cost, normal purchase price Total Checkouts Full call number Barcode Date last seen Cost, replacement price Price effective from Koha item type
    Dewey Decimal Classification     Non-fiction Shahdara Branch Shahdara Branch 08/08/2018 BPPD/PUB 0.00   301.153 GAN RC-149688 08/08/2018 0.00 08/08/2018 English Books
    Dewey Decimal Classification     Non-fiction Shahdara Branch Shahdara Branch 08/08/2018 BPPD/PUB 0.00   301.153 GAN RC-149711 08/08/2018 0.00 08/08/2018 English Books

© Delhi Public Library
Hit Counter
free hit counter